000 01471nam a2200325 i 4500
001 000032631
003 DO-SdBNP
005 20260321073642.0
007 ta
008 110725s1940 cu 000 0 spa d
040 _aDO-SdBNP
_bspa
_cBNPHU
_erda
082 4 _a972.93
_bJ61r
_222
100 1 _aJimenes Grullón, Juan Isidro,
_d1903-1983
_eautor
_4aut.
_92482
245 1 3 _aLa República Dominicana :
_b(análisis de su pasado y su presente) /
_cJ. I. Jimenes-Grullón ; prólogo, Juan Bosch.
264 _aLa Habana, Cuba :
_bArellano y CIA.,
_c1940.
300 _a263 páginas ;
_c24 cm.
336 _atexto
_btxt
_2rdacontent
337 _asin mediación
_bn
_2rdamedia
338 _avolumen
_bnc
_2rdacrrier
505 0 _aUn pueblo en un libro /
_rJuan Bosch --
_tGermen y tierra --
_tBrote y crecimiento --
_tLa etapa volcánica --
_tEscollo en el camino --
_tNaufragio y puerto --
_tLa era tenebrosa --
_tSíntesis y camino.
590 _aInventariado, 2024/BT
651 4 _aRepública Dominicana
_xHistoria
_9170
651 4 _aRepública Dominicana --
_xHistoria --
_yDescubrimiento y conquista, 1492-1503
_9255
651 4 _aRepública Dominicana
_xHistoria
_yOcupación haitiana, 1822-1844
_97666
651 4 _aRepública Dominicana --
_xHistoria --
_y1844-1930
_91009
651 0 _aRepública Dominicana
_xPolítica y gobierno
_945
700 1 _a Bosch, Juan,
_d1909-2001
_eprologuista
_4pr.
_976555
910 _aValidado. Control de calidad MMOLINA
942 _2ddc
_cLBS1
999 _c32122
_d32122